00697nam a2200229 a 450000100060000000300080000600500170001400800410003102000150007203500190008704000350010604100080014108200260014924500730017525000110024826000690025930000260032850400500035465000240040465000170042870000220044567209BD-RjUL20211209081627.0500101s1995 enka 001 0 eng d a0905214315 a(BD-RjUL)67340 aBD-RjULbengcBD-RjULdBD-RjUL aeng 223a636.089bBSA 199510aBSAVA manual of small animal neurology /cedited by Simon J. Wheeler a2nd ed aCheltenham :bBritish Small Animal Veterinary Association,c1995 a256 p :bill ;c30 cm aIncludes bibliographical references and index 0aVeterinary medicine 0aPet medicine1 aWheeler, Simon J.